Kpop groupes (plus vieux au plus récent) - Statistiques

Statistiques générales
  • Ce quiz a été pris 9 499 fois
  • Le résultat moyen est 33 sur 140
Statistiques - réponses
Réponse % Correct
BTS
97%
Blackpink
94%
Stray Kids
87%
Twice
84%
BigBang
77%
Exo
76%
Itzy
73%
TXT
73%
Ateez
71%
Seventeen
70%
Enhypen
69%
Girl's Generation
67%
NCT
67%
Aespa
66%
Red Velvet
66%
(G)I-dle
62%
Mamamoo
61%
Shinee
61%
Got7
58%
2NE1
56%
Super Junior
51%
Monsta X
48%
iKON
45%
IZ*ONE
45%
Treasure
43%
Astro
41%
The Boyz
41%
Everglow
40%
Dreamcatcher
39%
BTOB
38%
Momoland
38%
Pentagon
38%
Gfriend
37%
Loona
36%
Wonder Girls
35%
Super M
34%
Apink
33%
Day6
32%
Oneus
32%
F(x)
31%
Kard
31%
Wanna One
31%
I.O.I
30%
4minute
28%
H.O.T
28%
Sistar
28%
TVXQ
28%
Block B
27%
CLC
27%
P1harmony
27%
Fromis_9
26%
Miss A
25%
SF9
25%
WayV
25%
Oh My Girl
23%
S.E.S
23%
T-ara
23%
Cravity
22%
Exid
22%
Infinite
22%
Kara
22%
The Rose
21%
After School
19%
CIX
19%
B.A.P
18%
PurpleKiss
18%
Victon
18%
A.C.E
16%
Cherry Bullet
16%
Girl's day
15%
Golden Child
15%
MCND
15%
WJSN
15%
AB6IX
14%
Shinhwa
14%
X1
14%
April
13%
Brave Girls
13%
Weeekly
13%
Blackswan
12%
Onewe
12%
Pristin
11%
Weki Meki
11%
Lovelyz
10%
Teen Top
10%
Gugudan
9%
ONF
9%
Boyfriend
8%
CNblue
8%
FTisland
8%
Kingdom
8%
Dia
7%
Mirae
7%
Nature
7%
Pixy
7%
Rocket Punch
7%
Vav
7%
Verivery
7%
Ladies' Code
6%
Secret Number
6%
Tri.Be
6%
UP10tion
6%
WEi
6%
24K
5%
DKB
5%
E'Last
5%
Ghost9
5%
JBJ
5%
TO1
5%
Brown Eyes Girls
4%
Bvndit
4%
Cignature
4%
History
4%
M.O.N.T
4%
Stellar
4%
1the9
3%
Berry Good
3%
Ciipher
3%
Dalshabet
3%
Sonamoo
3%
SS501
3%
Woo!Ah!
3%
3YE
2%
Elris
2%
Imfact
2%
Nuest' W
2%
Pink Fantasy
2%
T1419
2%
Ans
1%
Checkmate
1%
Dongkiz
1%
Epic High
1%
Hinapia
1%
Lunarsolar
1%
Refund Sisters
1%
Azer
0%
Botopass
0%
Qodes
0%
Redsquare
0%
Xum
0%
Aucun quiz correspondant
Distribution des résultats
% des personnes avec chaque résultat
Percentile par nombre de réponses
Votre historique - résultats
Vous n’avez pas pris ce quiz